000 00814nam a2200193 4500
001 32669
090 _a32669
100 _a20260401d2003 u||y0pory50 ba
101 _apor
102 _aPT
200 _aA Enguia-Europeia, anguilla anguilla (L. 1758), na bacia hidrográfica do Rio Mondego
_fIsabel Maria Madaleno Domingos
210 _aPortugal, Lisboa
_d2003
215 _a293 p.
_cil. color
_d30 cm
300 _aNota: Dissertação para obtenção do grau de Doutor em Biologia (Ecologia e Biossistemática)
328 _aObjetivo: dar a conhecer a dinâmica do stock de enguia-europeia Anguilla anguilla na bacia hidrográfica do Rio Mondego
345 _dOferta
606 _yRio Mondego
_z2003
700 _a Domingos
_bIsabel Maria Madaleno
702 _bFaculdade de Ciências da Universidade de Lisboa